Administración de operaciones (Registro nro. 3263)
[ vista simple ]
| 000 -LEADER | |
|---|---|
| fixed length control field | 01664 a2200277 4500 |
| 001 - CONTROL NUMBER | |
| control field | 40613 |
| 005 - DATE AND TIME OF LATEST TRANSACTION | |
| control field | 20260407155701.0 |
| 008 - FIXED-LENGTH DATA ELEMENTS--GENERAL INFORMATION | |
| fixed length control field | 260407a2014 arg spa d |
| 003 - CONTROL NUMBER IDENTIFIER | |
| control field | AR-UNSa-BCEJYS |
| 040 ## - CATALOGING SOURCE | |
| Original cataloging agency | AR-UNSa-BCEJYS |
| Language of cataloging | spa |
| Transcribing agency | AR-UNSa-BCEJYS |
| 080 ## - UNIVERSAL DECIMAL CLASSIFICATION NUMBER | |
| Universal Decimal Classification number | 658.5 |
| Common auxiliary subdivision | Planificación y control de la producción<br/> |
| 020 ## - INTERNATIONAL STANDARD BOOK NUMBER | |
| International Standard Book Number | 978-607-15-1004-4 |
| 041 ## - LANGUAGE CODE | |
| Language code of text/sound track or separate title | spa |
| 100 1# - MAIN ENTRY--PERSONAL NAME | |
| Personal name | Torres Matus, José Rodolfo |
| 245 10 - TITLE STATEMENT | |
| Title | Administración de operaciones |
| Name of part/section of a work | producción y cadena de suministros |
| 250 ## - EDITION STATEMENT | |
| Edition statement | 13a. ed |
| 264 #1 - PRODUCTION, PUBLICATION, DISTRIBUTION, MANUFACTURE, AND COPYRIGHT NOTICE | |
| Place of production, publication, distribution, manufacture | México : |
| Name of producer, publisher, distributor, manufacturer | McGraw-Hill |
| Date of production, publication, distribution, manufacture, or copyright notice | 2014 |
| 300 ## - PHYSICAL DESCRIPTION | |
| Extent | xxvii, 780 p. |
| Dimensions | 27 cm. |
| 505 ## - FORMATTED CONTENTS NOTE | |
| Formatted contents note | 1. Administración de operaciones y cadenas de suministro - 2. Estrategia y sustentabilidad - 3. Diseño de productos y servicios - 4. Administración estratégica de la capacidad - 5. Análisis de procesos - 6. Procesos de producción - 7. Procesos de servicio - 8. Procesos en servicios médicos - 9. Calidad Six-Sigma - 10. Proyectos - 11. Compras y adquisiciones globalizadas - 12. Ubicación, logística y distribución - 13. Cadenas de suministro esbeltas y sustentables - 14. Sistemas de planificación de recursos de la empresa - 15. Administración y pronóstico de la demanda - 16. Planificación de ventas y operaciones - 17. Control de inventarios - 18. Planificación de requerimientos de materiales - 19. Programación - 20. Administración de restricciones |
| 590 ## - LOCAL NOTE (RLIN) | |
| Local note | niveau_biblio:m niveau_hierar:0 |
| 700 1# - ADDED ENTRY--PERSONAL NAME | |
| Personal name | Jacobs, F. Robert |
| 700 1# - ADDED ENTRY--PERSONAL NAME | |
| Personal name | Chase, Richard B. |
| 700 1# - ADDED ENTRY--PERSONAL NAME | |
| Personal name | Gómez Valdez, Carlos Rafael |
| 856 41 - ELECTRONIC LOCATION AND ACCESS | |
| Uniform Resource Identifier | <a href="https://biblioeco.unsa.edu.ar/pmb/images/libros/L126141.jpg">https://biblioeco.unsa.edu.ar/pmb/images/libros/L126141.jpg</a> |
| Link text | Imagen de portada |
| Electronic format type | image/jpeg |
| 942 ## - ADDED ENTRY ELEMENTS (KOHA) | |
| Koha item type | |
| Withdrawn status | Lost status | Damaged status | Not for loan | Home library | Current library | Shelving location | Date acquired | Total checkouts | Full call number | Barcode | Date last seen | Price effective from | Koha item type |
|---|---|---|---|---|---|---|---|---|---|---|---|---|---|
| Biblioteca Prof. Eusebio Cleto del Rey | Biblioteca Prof. Eusebio Cleto del Rey | 07/04/2026 | 658.5 C487o 13ed. | L126141 | 07/04/2026 | 07/04/2026 | Libro | ||||||
| Biblioteca Prof. Eusebio Cleto del Rey | Biblioteca Prof. Eusebio Cleto del Rey | 07/04/2026 | 658.5 C487o 13ed. | L126667 | 07/04/2026 | 07/04/2026 | Libro | ||||||
| Biblioteca Prof. Eusebio Cleto del Rey | Biblioteca Prof. Eusebio Cleto del Rey | 07/04/2026 | 658.5 C487o 13ed. | L126666 | 07/04/2026 | 07/04/2026 | Libro | ||||||
| Biblioteca Prof. Eusebio Cleto del Rey | Biblioteca Prof. Eusebio Cleto del Rey | 07/04/2026 | 658.5 C487o 13ed. | L126668 | 07/04/2026 | 07/04/2026 | Libro | ||||||
| Biblioteca Prof. Eusebio Cleto del Rey | Biblioteca Prof. Eusebio Cleto del Rey | 07/04/2026 | 658.5 C487o 13ed. | L126669 | 07/04/2026 | 07/04/2026 | Libro | ||||||
| Biblioteca Prof. Eusebio Cleto del Rey | Biblioteca Prof. Eusebio Cleto del Rey | 07/04/2026 | 658.5 C487o 13ed. | L126670 | 07/04/2026 | 07/04/2026 | Libro |